000 00616nam a22002057a 4500
003 0
005 20251107160946.0
008 251107b xxu||||| |||| 00| 0 eng d
020 _a0-09-941615-8
050 _aPS 3557.R5355
_b.G75 2001
100 _aGrisham, John,
_eauthor.
245 _aA Painted house /
_cJohn Grisham.
260 _aLondon :
_bArrow Books,
_c2001.
300 _a466 pages ;
_c18 cm.
650 _aFamily fiction.
650 _aFarm life
_zArkansas
_xFiction.
650 _aFamilies
_zArkansas
_xFiction.
650 _aArkansas
_xSocial life and customs
_y20th century
_vFiction.
942 _2lcc
_cBK
999 _c368516
_d368516